Cities and the making of modern Europe, 1750-1914 (Record no. 129702)

MARC details
000 -LEADER
fixed length control field 00752nam a2200229Ia 4500
008 - FIXED-LENGTH DATA ELEMENTS--GENERAL INFORMATION
fixed length control field 191130s2007##################000#0#eng##
020 ## - INTERNATIONAL STANDARD BOOK NUMBER
ISBN 9780521839365
082 ## - DEWEY DECIMAL CLASSIFICATION NUMBER
Classification number 307.76094 LEE
100 ## - MAIN ENTRY--AUTHOR NAME
Personal name Lees, Andrew
245 ## - TITLE STATEMENT
Title Cities and the making of modern Europe, 1750-1914
Statement of responsibility, etc Andrew Lees and Lynn Hollen Lees
260 ## - PUBLICATION, DISTRIBUTION, ETC. (IMPRINT)
Place of publication Cambridge
Name of publisher Cambridge University Press
Year of publication c2007
300 ## - PHYSICAL DESCRIPTION
Number of Pages xii, 300 p. : ill., maps ; 24 cm
500 ## - GENERAL NOTE
General note Includes bibliographical references and index
650 ## - SUBJECT ADDED ENTRY--TOPICAL TERM
Topical Term Cities and towns - Europe - History
Topical Term Urbanization - Europe - History
700 ## - ADDED ENTRY--PERSONAL NAME
Personal name Lees, Lynn Hollen
991 ## -
-- 198647
Holdings
Withdrawn status Lost status Damaged status Not for loan Home library Current library Shelving location Date acquired Full call number Accession Number Price effective from Koha item type
        Anna Centenary Library Anna Centenary Library 3RD FLOOR, B WING 12.10.2020 307.76094 LEE 247498 12.10.2020 English Books

Find us on the map